000
00301nam a2200121Ia 4500
008
220204s9999 xx 000 0 und d
082
_a
681.31 OFF
_b
JON
100
_a
Jones, Edward
245
0
_a
Office 97 bible
260
_a
New Delhi
_b
Comdex Computer
_c
1997
700
_a
Sutton, Derek
942
_c
BK
999
_c
41665
_d
41665